书目信息 |
| 题名: |
水资源持续利用与管理导论
|
|
| 作者: | 冯尚友 著 | |
| 分册: | ||
| 出版信息: | 北京 科学出版社 2000.07 |
|
| 页数: | 253页 | |
| 开本: | 20cm | |
| 丛书名: | ||
| 单 册: | ||
| 中图分类: | TV213.4 | |
| 科图分类: | ||
| 主题词: | 水资源管理--研究 | |
| 电子资源: | ||
| ISBN: | 7-03-008321-0 | |
| 000 | 00575nam0 2200193 45 | |
| 001 | 0104041561 | |
| 005 | 20031219104049.3 | |
| 010 | @a7-03-008321-0@dCNY18.00 | |
| 100 | @a20010404d2000 km y0chiy0120 ea | |
| 101 | 0 | @achi |
| 105 | @a z 000yy | |
| 200 | 1 | @a水资源持续利用与管理导论@AShui Zi Yuan Chi Xu Li Yong Yu Guan Li Dao Lun@f冯尚友著@FFeng Shang You Zhu |
| 210 | @a北京@c科学出版社@d2000.07 | |
| 215 | @a253页@d20cm | |
| 606 | 0 | @a水资源管理@x研究 |
| 690 | @aTV213.4@v1 | |
| 701 | 0 | @a冯尚友@4著 |
| 801 | @aCN@bTSTC@c20010404 | |
| 905 | @b296206-210@dTV213.4@e10@f5 | |
| 水资源持续利用与管理导论/冯尚友著.-北京:科学出版社,2000.07 |
| 253页;20cm |
| ISBN 7-03-008321-0:CNY18.00 |
| ● |
| 相关链接 |
|
|
|
|
正题名:水资源持续利用与管理导论
索取号:TV213.4/10
 
预约/预借
| 序号 | 登录号 | 条形码 | 馆藏地/架位号 | 状态 | 备注 |
| 1 | 0296206 | 002962066 | 第三借阅区/ [索取号:TV213.4/10] | 在馆 | |
| 2 | 0296207 | 002962075 | 第三借阅区/ [索取号:TV213.4/10] | 在馆 | |
| 3 | 0296208 | 002962084 | 第三借阅区/ [索取号:TV213.4/10] | 在馆 | |
| 4 | 0296209 | 002962093 | 第三借阅区/ [索取号:TV213.4/10] | 在馆 | |
| 5 | 0296210 | 002962100 | 第三借阅区/ [索取号:TV213.4/10] | 在馆 |